| 000 | 00374nam a2200145Ia 4500 | ||
|---|---|---|---|
| 008 | 200615s9999||||xx |||||||||||||| ||und|| | ||
| 020 | _a8174090398 | ||
| 082 |
_a621.3 _bELE-D |
||
| 100 | _aDR RAJENDRA PRASAD | ||
| 245 | 0 | _aELECTRICAL MEASURMENT AND MEASURING INSTRUMENTS | |
| 250 | _a4TH | ||
| 260 |
_anew delhi _bKHANNA PUBLICATION _c2017 |
||
| 300 | _a315 | ||
| 942 | _cBK | ||
| 999 |
_c28532 _d28532 |
||